Blog y Noticias BGBG Abogados

Detalles Bibliográficos
Formato: eBook
Lenguaje:español
Publicado: Ciudad de Mx̌ico: BGBG Abogados, 2015 -
Materias:
Acceso en línea:Acceso restringido

MARC

LEADER 00000nam a22000007a 4500
005 20190915140040.0
007 cr|||| ||||
008 190915c20159999mx ar|w s|||| 0|||b1spa d
035 |a 22137 
040 |a vLex 
090 |c 9523  |d 9523 
245 0 0 |a Blog y Noticias BGBG Abogados  |h [Recurso electrn̤ico] / 
256 |a Servicio en ln̕ea 
260 |a Ciudad de Mx̌ico:  |b BGBG Abogados,  |c 2015 - 
300 |a 1 recurso electrn̤ico 
310 |a Anual 
506 1 |a Disponible solo en los productos indicados  |d vLex Global  |d vLex Global (Academic Edition, excluding Law Schools)  |d vLex Global (U.S. Academic Edition, Law Schools)  |d vLex Global (U.S. Academic Edition, excluding Law Schools)  |d vLex Global (Academic Edition, Law Schools) 
650 0 4 |a Financiero  |z Mx̌ico 
740 0 |a vLex Revistas (Servicio en ln̕ea) 
856 4 0 |u http://vlex.com/source/blog-noticias-bgbg-abogados-22137  |z Acceso restringido 
942 |c REV 
999 0 |a Financial